书目信息 |
| 题名: |
Java语言程序设计
|
|
| 作者: | 郑莉 , 王行言 , 马素霞 编著 | |
| 分册: | ||
| 出版信息: | 北京 清华大学出版社 2006.01 |
|
| 页数: | XIV, 408页 | |
| 开本: | 26cm | |
| 丛书名: | 清华大学计算机基础教育课程系列教材 | |
| 单 册: | ||
| 中图分类: | TP312 | |
| 科图分类: | ||
| 主题词: | JAVA语言--java yu yan--程序设计--高等学校--教材 | |
| 电子资源: | ||
| ISBN: | 7-302-11660-1 | |
| 000 | 01146nam 2200289 450 | |
| 001 | CAL 012006007936 | |
| 005 | 20060525154600.39 | |
| 010 | @a7-302-11660-1@dCNY 33.00 | |
| 099 | @aCAL 012006007936 | |
| 100 | @a20060213d2006 em y0chiy0121 ea | |
| 101 | 0 | @achi |
| 102 | @aCN@b110000 | |
| 200 | 1 | @aJava语言程序设计@Ajava yu yan cheng xu she ji@f郑莉, 王行言, 马素霞编著 |
| 210 | @a北京@c清华大学出版社@d2006.01 | |
| 215 | @aXIV, 408页@c图@d26cm | |
| 225 | 2 | @a清华大学计算机基础教育课程系列教材@Aqing hua da xue ji suan ji ji chu jiao yu ke cheng xi lie jiao cai |
| 300 | @a2005年高等教育国家级教学成果二等奖 | |
| 320 | @a有书目。 | |
| 330 | @a本书除介绍了Java语言本身还讨论了面向对象的设计思想和编程方法、UML建模语言、图形用户界面的编程方法、网络和数据库程序的编程方法、线程的使用、Java集合框架等实用开发技术。 | |
| 410 | 0 | @12001 @a清华大学计算机基础教育课程系列教材 |
| 606 | 0 | @aJAVA语言@Ajava yu yan@x程序设计@x高等学校@j教材 |
| 690 | @aTP312@v4 | |
| 701 | 0 | @a郑莉@Azheng li@4编著 |
| 701 | 0 | @a王行言@Awang xing yan@4编著 |
| 701 | 0 | @a马素霞@Ama su xia@4编著 |
| 801 | 0 | @aCN@bTSU@c20060525 |
| 905 | @a10447@dTP312@eZ437 | |
| Java语言程序设计/郑莉, 王行言, 马素霞编著.-北京:清华大学出版社,2006.01 |
| XIV, 408页:图;26cm.-(清华大学计算机基础教育课程系列教材) |
| 2005年高等教育国家级教学成果二等奖 |
| ISBN 7-302-11660-1:CNY 33.00 |
| 本书除介绍了Java语言本身还讨论了面向对象的设计思想和编程方法、UML建模语言、图形用户界面的编程方法、网络和数据库程序的编程方法、线程的使用、Java集合框架等实用开发技术。 |
| ● |
| 相关链接 |
|
|
|
正题名:Java语言程序设计
索取号:TP312/Z437
 
预约/预借
| 序号 | 登录号 | 条形码 | 馆藏地/架位号 | 状态 | 备注 |
| 1 | 604228 | 206042281 | 自科库301/301自科库 83排1列2层/ [索取号:TP312/Z437] | 在馆 | |
| 2 | 604229 | 206042290 | 自科库301/301自科库 83排1列2层/ [索取号:TP312/Z437] | 在馆 | |
| 3 | 604230 | 206042307 | 自科库301/301自科库 51排4列3层/ [索取号:TP312/Z437] | 在馆 |